| 000 | 01228cam a22003374a 4500 | ||
|---|---|---|---|
| 001 | 16645059 | ||
| 005 | 20170105102351.0 | ||
| 008 | 110209s2012 maua b 000 0 eng | ||
| 010 | _a 2011002059 | ||
| 016 | 7 |
_a015874087 _2Uk |
|
| 020 | _a9780262016469 (hardcover : alk. paper) | ||
| 020 | _a026201646X (hardcover : alk. paper) | ||
| 035 | _a(OCoLC)ocn701493361 | ||
| 040 |
_aDLC _cDLC _dYDX _dYDXCP _dUKMGB _dCDX _dDLC |
||
| 042 | _apcc | ||
| 082 | 0 | 0 |
_a006.31 _222 |
| 245 | 0 | 0 |
_aOptimization for machine learning _c Suvrit Sra, Sebastian Nowozin, and Stephen J. Wright. |
| 260 |
_aCambridge, Mass. : _bMIT Press, _cc2012. |
||
| 300 |
_aix, 494 p. : _bill. ; _c26 cm |
||
| 490 | 1 | _aNeural information processing series | |
| 504 | _aIncludes bibliographical references. | ||
| 650 | 0 |
_aMachine learning _xMathematical models. |
|
| 650 | 0 | _aMathematical optimization. | |
| 700 | 1 |
_aSra, Suvrit, _d1976- |
|
| 700 | 1 |
_aNowozin, Sebastian, _d1980- |
|
| 700 | 1 |
_aWright, Stephen J., _d1960- |
|
| 830 | 0 | _aNeural information processing series. | |
| 906 |
_a7 _bcbc _corignew _d1 _eecip _f20 _gy-gencatlg |
||
| 942 |
_2ddc _cBK |
||
| 999 |
_c11953 _d11953 |
||